• 首页
  • 本馆介绍
  • 公告通知
  • 最新文献
  • 馆藏检索
  • 电子资源
  • 读者导购
  • 参考咨询
  • 我的图书馆
  • 登录
  • 详细信息显示
  • 放入我的书架
  • 预约/预借图书
  • 作者相关作品
  • 分类相关作品
  • 丛书相关作品
  • 出版社相关作品

书目信息

  • 表格格式
  • 工作单格式
  • 卡片格式
题名:
老年人护理与保健指导
    
 
作者: 王玉玲 , 孙春梅 主编
分册:  
出版信息: 青岛   青岛出版社  2006
页数: 347页
开本: 20cm
丛书名:
单 册:
中图分类: R473.5
科图分类:
主题词: 老年病护理--基本知识 , CT--S904110--老年病护理 , CT--S045633--老年人 , 老年人--保健--基本知识 , CT--S002300--保健
电子资源:
ISBN: 7-5436-2730-2
000 00967nam0 2200289 450
001 002185383
005 20061113105354.95
010    @a7-5436-2730-2@dCNY19.80
100    @a20021106d2006 em y0chiy0110 ea
101 0  @achi
102    @aCN@b370000
105    @aa z 000yy
200 1  @a老年人护理与保健指导@9lao nian ren hu li yu bao jian zhi dao@f王玉玲,孙春梅主编
205    @a3版
210    @a青岛@c青岛出版社@d2006
215    @a347页@c图@d20cm
330    @a本书讲述了老年人的生理变化、饮食与营养、自我保健与护理方法以及自我监控与家庭用药知识,详细讲述了32种常见老年病的病因、表现、治疗方法、预防保健等。
606 0  @a老年病护理@x基本知识
606 0  @2CT@3S904110@a老年病护理
606 0  @2CT@3S045633@a老年人
606 0  @a老年人@x保健@x基本知识
606 0  @2CT@3S002300@a保健
690    @aR473.5@v4
701  0 @a王玉玲@9wang yu ling@4主编
701  0 @a孙春梅@9sun chun mei@4主编
801  0 @aCN@bNLC@c20061113
905    @a10447@dR473.5@e46=3
    
    老年人护理与保健指导/王玉玲,孙春梅主编.-3版.-青岛:青岛出版社,2006
    347页:图;20cm
    
    
    ISBN 7-5436-2730-2:CNY19.80
    本书讲述了老年人的生理变化、饮食与营养、自我保健与护理方法以及自我监控与家庭用药知识,详细讲述了32种常见老年病的病因、表现、治疗方法、预防保健等。
●
相关链接 在E读中查询图书 在五车中查询图书 在当当中查询图书 在豆瓣中查询图书


正题名:老年人护理与保健指导     索取号:R473.5/46=3         预约/预借

序号 登录号 条形码 馆藏地/架位号 状态 备注
1 0383864   203838641   第二样本阅览室/ [索取号:R473.5/46=3] 在馆    
2 0383865   203838650   第三借阅区/ [索取号:R473.5/46=3] 在馆    
3 0383866   203838669   第三借阅区/ [索取号:R473.5/46=3] 在馆    
4 0383867   203838678   第三借阅区/ [索取号:R473.5/46=3] 在馆    
5 0383868   203838687   第三借阅区/ [索取号:R473.5/46=3] 在馆    
唐山师范学院图书馆 欢迎您!
大连网信软件有限公司© 版权所有